North American Geography by Letter - P - Statistics

General Stats
  • This quiz has been taken 440 times
  • The average score is 11 of 20
Answer Stats
Hint Answer % Correct
Canal connecting the Atlantic and Pacific oceans Panama Canal
96%
It's known as "The Keystone State" or "The Quaker State" Pennsylvania
96%
Capital of Haiti Port-au-Prince
94%
The largest city in both Oregon and Maine Portland
90%
City that served as US capital while Washington D.C. was under construction Philadelphia
89%
US territory which asked for statehood in 2012 Puerto Rico
89%
River that flows through Washington D.C. Potomac
82%
A former US industry capital, its most popular sports team is the Steelers Pittsburgh
81%
Smallest province of Canada Prince Edward Island
81%
Capital of Rhode Island Providence
77%
The only US state capital with over 1 million residents Phoenix
69%
Mexican beach resort city often abbreviated as "P.V." Puerto Vallarta
36%
East-Central Mexican state; one of the centers of Mexico's industrial production Puebla
26%
Famous Seattle fish & flower market Pike Place Market
23%
Ottawa hill on which you would find the Canadian government buildings Parliament Hill
21%
Active volcano and Mexico's second-tallest mountain, also located in the above state Popocatépetl
19%
Nevada lake that is one of the remnants of prehistoric Lake Lahontan; known for distinctive tufa formations Pyramid Lake
11%
Riviera Maya resort city, a PGA tour locale and The Amazing Race destination Playa del Carmen
6%
Bell tower of the above buildings; was featured on the 20-dollar bill Peace Tower
4%
Aztec temple that is the largest building in Teotihuacan Pyramid of the Sun
4%
No matching quizzes found
Score Distribution
Percent of People with Each Score
Percentile by Number Answered
Your Score History
You have not taken this quiz